| 000 | 00912pab a2200193 454500 | ||
|---|---|---|---|
| 008 | 180718b2011 xxu||||| |||| 00| 0 eng d | ||
| 100 | _aAcharyulu, A.S. | ||
| 245 | _aSlums and urbanisation: An overview | ||
| 260 | _c2011 | ||
| 300 | _ap.40-54. | ||
| 362 | _aJan-Mar | ||
| 520 | _aUrbanization has been one of the most significant vehicles for the transformation of the societies over the last century. All the countries to a greater or lesser extent have gone through this process. But, the extensive urbanization process led to increasing number of slums which is a major concern in urban development. This article aims to analyse the factors responsible for increasing urban slums and tries to give suggestion for better improvement of urban slums. - Reproduced. | ||
| 650 | _aUrbanization | ||
| 650 | _aSlums | ||
| 700 | _aInampudi, Sandeep | ||
| 773 | _aNagarlok | ||
| 908 | _aN | ||
| 909 | _a92294 | ||
| 999 |
_c92294 _d92294 |
||